000 00526nam a2200217Ia 4500
003 OSt
005 20230425092247.0
008 210423s2002 xx 000 0 und d
020 _a748404309
040 _cAL
041 _aeng
082 _a660.6 SCHH
100 _aSCHMANDER (Hans Peter).
_992234
245 _aMethods in biotechnology.
260 _aLondon
_bTaylor & Francis
_c2002
300 _aix,257
_bPB
365 _b495
_cINR
650 _aBiotechnology
_992235
906 _abiotechnology
942 _2ddc
_cBK
999 _c162592
_d162592